000 00485nam a2200181Ia 4500
001 18425
005 20260306171629.0
008 260306s9999||||xx |||||||||||||| ||und||
041 _aESP
082 _a658.404
_bA61
100 _aAngulo Aguirre, Luis
_eAUT
245 0 _aGestión de proyectos con project, excel y visio:
_bbajo un enfoque del PMBOK 5ta. ed.
260 _c2013
300 _a231 páginas :
_c24 cm.
650 _aGEN
654 _aCAN
942 _cLIB
_dJUS
_fJUS
_2ddc
_n
999 _c18425
_d18425